LEADER 01218nam a2200289 4500 001 000000361992 003 CaOOAMICUS 005 20250318101101.0 006 a 000 u 008 250307s2006 it a 000 u ita r 020 $a978-88-06-17901-4 040 $aSeMil$bita 100 1 $aMadariaga, Isabel : de,$d<1919-2014>.$0(OLS)http://semarc/name/121628 240 10$aIvan the Terrible.$0(OLS)http://semarc/title/452845 245 10$aIvan il terribile /$cIsabel de Madariaga. 264 1$aTorino :$bEinaudi,$c2006. 300 $aXXIII, 492 p., [4] c. di tav. :$bill. ;$c22 cm 490 1 $aBiblioteca di cultura storica ;$v258 600 04$aIvan IV .$0(OLS)http://semarc/subject/17141 830 0$aBiblioteca di cultura storica ;$v258.$0(OLS)http://semarc/title/365 850 $aSeMil 852 $aSeMil$W1$xVenegono$y1$m3U III 132$j255241$B252934$CSeMilBibl$Z2$F252934 $81 961 $aBuzzi mons. Franco - Omaggio 996 $6020$a978-88-06-17901-4$9(OLS)http://semarc/number/302659 996 $6245$aIvan il terribile$9(OLS)http://semarc/title/141200 996 $6264$aTorino :$bEinaudi$9(OLS)http://semarc/publisher/29884 LEADER 00782nam a2200181 i 4500 001 000000258974 003 CaOOAMICUS 005 20180622000000.0 008 180622s1898 xx u000 u ger u 013 $a237882 040 $aSeMil$bita 100 1 $aFurtwängler, Wilhelm <1886-1954>.$0(OLS)http://semarc/name/66920 245 10$aGeodäsie und Geophysik. 1. Theil /$credigiert von Ph. Furtwängler und E. Wiechert. 300 $a372 p. ;$c25 cm. 773 0 $tEncyklopädie der mathematischen Wissenschaften mit Einschluss ihrer Anwendungen.$dLeipzig : B. G. Teubner, 1898-1923.$gBd.6$w()31361 850 $aSeMil 852 $aSeMil$W1$xVenegono$y1$m3W V 103 FA$j209319$B209319$CSeMilBibl$Z2$F222983 $8I 996 $6245$aGeodäsie und Geophysik. 1. Theil$9(OLS)http://semarc/title/413840